El hechicero ; (Record no. 166899)
[ view plain ]
| 000 -LEADER | |
|---|---|
| campo de control de longitud fija | 00901nam a22002415i 4500 |
| 001 - NÚMERO DE CONTROL | |
| campo de control | 166899 |
| 003 - IDENTIFICADOR DE NÚMERO DE CONTROL | |
| campo de control | ES-MaACL |
| 005 - FECHA Y HORA DE LA ÚLTIMA TRANSACCIÓN | |
| campo de control | 20231223063113.0 |
| 008 - DATOS DE LONGITUD FIJA--INFORMACIÓN GENERAL | |
| campo de control de longitud fija | 981002s1895 sp a |||| | spa d |
| 080 ## - NÚMERO DE LA CLASIFICACIÓN DECIMAL UNIVERSAL | |
| Número de la Clasificación Decimal Universal | 821.134.2-32"18" |
| 100 1# - ENTRADA PRINCIPAL--NOMBRE DE PERSONA | |
| Nombre de persona | Valera, Juan, |
| Fechas asociadas al nombre | 1824-1905 |
| 9 (RLIN) | 112638 |
| 245 13 - MENCIÓN DEL TÍTULO | |
| Título | El hechicero ; |
| Resto del título | El bermejino prehistórico o Las salamandras azules / |
| Mención de responsabilidad, etc. | Juan Valera ; ilustraciones de Klong. |
| 260 ## - PUBLICACIÓN, DISTRIBUCIÓN, ETC. | |
| Lugar de publicación, distribución, etc. | Madrid : |
| Nombre del editor, distribuidor, etc. | Fernando Fé, Librero, |
| Fecha de publicación, distribución, etc. | 1895 ( |
| Fabricante | Tip. Avrial) |
| 300 ## - DESCRIPCIÓN FÍSICA | |
| Extensión | 189 p. : |
| Otras características físicas | il. ; |
| Dimensiones | 14 cm. |
| 490 1# - MENCIÓN DE SERIE | |
| Mención de serie | Colección Klong |
| 530 ## - NOTA DISPONIBLE DE FORMULARIO FÍSICO ADICIONAL | |
| Nota de formato físico adicional disponible | Disponible en formato digital. |
| 700 1# - ENTRADA AGREGADA--NOMBRE PERSONAL | |
| Nombre de persona | Klong. |
| 9 (RLIN) | 68289 |
| 740 32 - ENTRADA AGREGADA--TÍTULO RELACIONADO/ANALÍTICO NO CONTROLADO | |
| Título relacionado o analítico no controlado | El bermejino prehistórico o Las salamandras azules. |
| 830 1# - PUNTO DE ACCESO ADICIONAL DE SERIE-TÍTULO UNIFORME | |
| Título uniforme | Colección Klong |
| 9 (RLIN) | 188629 |
| 852 ## - LOCALIZACIÓN | |
| Ubicación | ES-MaACL |
| Número de control de estantería | G-13405 |
| Nota libre | - Enc. hol. |
| 856 ## - LOCALIZACIÓN Y ACCESO ELECTRÓNICOS | |
| Identificador Uniforme de Recursos | <a href="http://bdh-rd.bne.es/viewer.vm?id=0000099745&page=1 ">http://bdh-rd.bne.es/viewer.vm?id=0000099745&page=1 </a> |
| Nota pública | Biblioteca Digital Hispánica |
| Estatus retirado | Estado de pérdida | Estado de daño | No para préstamo | Colección | Biblioteca de origen | Biblioteca actual | Ubicación en estantería | Fecha de adquisición | Fuente de adquisición | Total de préstamos | Signatura topográfica completa | Código de barras | Visto por última vez | Precio de reemplazo | Tipo de ítem Koha |
|---|---|---|---|---|---|---|---|---|---|---|---|---|---|---|---|
| Colección digital | Biblioteca del Ateneo de Madrid | Biblioteca del Ateneo de Madrid | Sala Pecera Planta 3 | 17/01/2008 | G-13405 | 1175071 | 23/02/2023 | 23/02/2023 | Libro impreso antiguo |
